UBT Library

Comprehensive criminal procedure / (Record no. 40636)

000 -LEADER
fixed length control field 00952cam a2200253 a 4500
001 - CONTROL NUMBER
control field 12221308
005 - DATE AND TIME OF LATEST TRANSACTION
control field 20180122040421.0
008 - FIXED-LENGTH DATA ELEMENTS--GENERAL INFORMATION
fixed length control field 001103s2001 mdu 001 0 eng
010 ## - LIBRARY OF CONGRESS CONTROL NUMBER
LC control number 00053608
020 ## - INTERNATIONAL STANDARD BOOK NUMBER
International Standard Book Number 0735519595 (alk. paper)
040 ## - CATALOGING SOURCE
Original cataloging agency DLC
Transcribing agency DLC
Modifying agency DLC
041 ## - LANGUAGE CODE
Language code of text/sound track or separate title eng
042 ## - AUTHENTICATION CODE
Authentication code pcc
043 ## - GEOGRAPHIC AREA CODE
Geographic area code n-us---
080 ## - UNIVERSAL DECIMAL CLASSIFICATION NUMBER
Universal Decimal Classification number 345.7305 ALL
082 00 - DEWEY DECIMAL CLASSIFICATION NUMBER
Classification number 345.7305 ALL
Edition number 21
100 ## - Rafti
Rafti 14
101 ## - Shkurtesa
Shkurtesa JUR
245 00 - TITLE STATEMENT
Title Comprehensive criminal procedure /
Statement of responsibility, etc Ronald Jay Allen ... [et al.].
525 ## - SUPPLEMENT NOTE
Supplement note Kept up to date by supplements.
906 ## - LOCAL DATA ELEMENT F, LDF (RLIN)
a 7
b cbc
c orignew
d 1
e ocip
f 20
g y-gencatlg
942 ## - ADDED ENTRY ELEMENTS (KOHA)
Source of classification or shelving scheme
Item type Books
Holdings
Withdrawn status Lost status Source of classification or shelving scheme Damaged status Not for loan Collection code Permanent location Current location Shelving location Date acquired Total Checkouts Full call number Barcode Date last seen Price effective from Koha item type
          Koleksioni i përgjithshem UBT - Lipjan UBT - Lipjan Koleksioni i përgjithshem 01/22/2018   345.7305 ALL 002-2996036 01/22/2018 01/22/2018 Books
UBT Library © 2015-2024. All rights reserved University Education for Business and Technology